Calciatori Inter 2017-2022 - Statistics

Statistiche generali
  • Questo quiz è stato fatto 573 volte
  • Il punteggio medio è 32 su 57
Statistiche sulle risposte
Ruolo Calciatore % Corretto
P Handanovic
96%
A Lukaku
94%
A Lautaro
92%
D Bastoni
91%
A Icardi
91%
C Barella
90%
C Brozovic
86%
D Skriniar
86%
D De Vrij
84%
C Perisic
79%
D D'ambrosio
75%
D Dimarco
75%
A Dzeko
73%
A Correa
71%
C Gagliardini
71%
D Darmian
70%
D Hakimi
70%
P Padelli
69%
C Calhanoglu
67%
D Dumfries
67%
A Sanchez
67%
D Ranocchia
65%
P Berni
64%
P Radu
64%
C Vecino
63%
D Miranda
62%
C Candreva
60%
C Sensi
55%
C Eriksen
53%
D Godin
51%
C Borja Valero
50%
A Esposito
49%
C Vidal
49%
D Young
49%
C Joao Mario
48%
P Cordaz
47%
C Nainggolan
47%
A Politano
47%
D Cancelo
46%
A Pinamonti
45%
D Nagatomo
43%
D Asamoah
40%
A Eder
39%
C Gosens
38%
D Moses
37%
A Caicedo
33%
A Keità
33%
D Dalbert
31%
D Santon
31%
C Rafinha
30%
D Kolarov
28%
D Biraghi
27%
D Cedric
23%
A Karamoh
23%
D Vrsaljko
23%
C Lazaro
21%
D Lopez
13%
Nessun quiz corrispondente trovato
Distribuzione punteggi
Percentuale di utenti per punteggio
Percentile per numero di risposta
I tuoi punteggi nel tempo
Non hai fatto questo quiz